00822nam a2200241 i 4500001001000000003000900010005001700019007000300036008004100039020001800080040003000098082001800128110007300146245004900219246002800268250002200296264008300318300002700401336002700428337003300455338002800488490006400516000035908DO-SdBNP20241025142941.0ta111115s2011 dr r 000 0 spa d a9789945462272 aDO-SdBNPbspacBNPHUerda 4axxxxbxxx2221 aRepública DominicanabComisión Permanente de Efemérides Patria10a4 Poemas heroicos :bun ensayo un discurso /10aCuatro poemas heroicos. aSegunda edición 4aSanto Domingo :bEditora Comisión Permanente de Efemérides Patrias,c2011. a91 páginas ;c23 cm. atextobtxt2rdacontent asin mediaciónbn2rdamedia avolumenbnc2rdacarrier1 a50 Aniversario del ajusticiamiento de Trujillo 1961-2011v1